000
00235nam a22000977a 4500
999
_c
11781
_d
11781
008
200215b ||||| |||| 00| 0 eng d
020
_a
9781841215655
100
_a
Andreae Giles
_9
7465
245
_a
Giraffes Can't Dance
260
_b
Orchard